Predčasný pôrod

Bibliographic Details
Other Authors: Šuška, Pavel, 1944- (Compiler), Ponecová, Mária (Compiler)
Format: Book
Language:Multiple languages
PhysicalDescription:195 s. Fotogr., grafy, tab. 24 cm
Published: Bratislava Slovak Academic Press c1995
ISBN:8085665719
Subjects:

MARC

LEADER 00000cam a2200000 a 4500
001 vtls001222176
003 SK-MaSNL
005 20260302065131.0
008 250414s1995 xo a fr 10000 mul
015 |a SNBA1997/0100169 
020 |a 8085665719 
035 |a SNK000167621 
035 |a urn:nbn:sk:snk-amjr21 
035 |a urn:nbn:sk:snk:ar-a0clj9 
035 |a b15bbbb0-674b-49f5-8a8e-1521f7b5ad0a 
040 |a SNK  |b slo  |c SNK  |e AACR2 
041 0 |a mul 
044 |a xo  |c SK 
080 |a 618.39(082)  |2 1981 
245 0 0 |a Predčasný pôrod  |c zostavili Pavel Šuška a Mária Ponecová 
260 |a Bratislava  |b Slovak Academic Press  |c c1995 
300 |a 195 s.  |b Fotogr., grafy, tab.  |c 24 cm 
500 |a Čiast. text nem., čes., angl. 
504 |a Bibliogr. Men. reg. 
650 0 7 |a predčasný pôrod  |2 SNKPH  |9 71692 
655 7 |a zborníky konferencií  |2 SNKPH  |9 70153 
655 7 |a issue_zb  |2 SNK  |9 276493 
700 1 |a Šuška, Pavel,  |d 1944-  |4 com  |9 204798 
700 1 |a Ponecová, Mária  |4 com  |9 6521 
852 |a Slovenská národná knižnica 
919 |a 80-85665-71-9 
954 |a odborná, vedecká literatúra pôvodná (slovenská)  |2 lita 
954 |a odborná, vedecká literatúra cudzojazyčná (svetová)  |2 lita 
958 |a ART 
958 |a TL 
958 |a NB 
958 |a OND 
958 |a EUIPO 
999 |c 1140621  |d 1142551 
952 |t P60, <09>, [BOOK], {629}  |a SNK  |b SNK  |y NEVYP  |7 0  |o snkC 2029  |i snk3746/961029  |0 0  |1 0  |4 0  |d 1996-10-25  |l 0  |r 2005-01-01 00:00:00  |w 2026-02-24 
952 |t P60, <03>, [BOOK], {603}  |a SNK  |b SNK  |y PREZ  |7 0  |p 17A0014072  |o snkSC 91606  |i snkKSP 9187/96  |0 0  |1 0  |4 0  |d 1996-10-25  |l 0  |r 2025-09-10 00:00:00  |w 2026-02-24 
952 |t P60, <04>, [BOOK], {604}  |a SNK  |b SNK  |y VYP  |7 0  |p 17A0014071  |o snkSC 91606 D1  |i snkKSP 9188/96  |0 0  |1 0  |4 0  |d 1996-10-25  |l 0  |r 2005-01-01 00:00:00  |w 2026-02-24